Sports Quiz

Random Sports or MLB Quiz

2013 MLB Left Handed Leaders (Pitching) Quiz Stats

 Plays Quiz not verified by Sporcle

Score 0/30 Timer 03:00
0 Plays Today
Hint Player % Correct
WinsClayton Kershaw
97.4%
ERAClayton Kershaw
97.4%
Strike OutsClayton Kershaw
97.4%
WinsCliff Lee
96.1%
ERACliff Lee
96.1%
Strike OutsCliff Lee
96.1%
WinsJon Lester
94.7%
WinsC.C. Sabathia
94.7%
ERAMadison Bumgarner
93.4%
ERADavid Price
93.4%
Strike OutsCole Hamels
93.4%
Strike OutsMadison Bumgarner
93.4%
WinsC.J. Wilson
90.8%
ERAChris Sale
90.8%
ERAC.J. Wilson
90.8%
Hint Player % Correct
Strike OutsChris Sale
90.8%
Strike OutsC.J. Wilson
90.8%
ERAGio Gonzalez
82.9%
Strike OutsGio Gonzalez
82.9%
WinsMatt Moore
80.3%
WinsHyun-Jin Ryu
78.9%
ERAHyun-Jin Ryu
78.9%
WinsFrancisco Liriano
76.3%
WinsPatrick Corbin
75%
Strike OutsPatrick Corbin
75%
ERAMike Minor
71.1%
Strike OutsMike Minor
71.1%
Strike OutsDerek Holland
67.1%
WinsJorge De La Rosa
64.5%
ERATravis Wood
53.9%

You're not logged in!

Compare scores with friends on all Sporcle quizzes.
OR
Log In

Show Comments

Extras

Top Quizzes Today


Score Distribution

Your Account Isn't Verified!

In order to create a playlist on Sporcle, you need to verify the email address you used during registration. Go to your Sporcle Settings to finish the process.

Report this User

Report this user for behavior that violates our Community Guidelines.

Details: